MARC

LEADER 00000nam0a2200000 4500
001 306438
005 20231102001908.0
035 |a (RuTPU)RU\TPU\book\331715 
090 |a 306438 
100 |a 20151007d1974 m y0rusy50 ca 
101 0 |a rus 
102 |a RU 
105 |a a z 001zy 
200 1 |a Машинный анализ интегральных схем. Вопросы теории и программирования  |f Е. А. Чахмахсазян, Ю. Н. Бармаков, А. З. Гольденберг 
210 |a Москва  |c Советское радио  |d 1974 
215 |a 272 с.  |c ил. 
320 |a Библиогр.: с. 260-266 
320 |a Предм. указ.: с. 267-269 
606 1 |a Интегральные схемы  |2 stltpush  |3 (RuTPU)RU\TPU\subj\12775  |9 39495 
610 1 |a машинный анализ 
610 1 |a теория 
610 1 |a программирование 
610 1 |a машинное проектирование 
610 1 |a методология 
610 1 |a алгоритмы 
610 1 |a численные методы 
610 1 |a элементы 
610 1 |a трансляторы 
675 |a 621.382.049.77  |v 3 
700 1 |a Чахмахсазян  |b Е. А.  |g Екатерина Артемьевна 
701 1 |a Бармаков  |b Ю. Н.  |g Юрий Николаевич 
701 1 |a Гольденберг  |b А. З.  |g Анатолий Эммануилович 
801 1 |a RU  |b 63413507  |c 20151007 
801 2 |a RU  |b 63413507  |c 20200304  |g RCR 
942 |c BK